Most Popular Sport Leagues - Statistics

General Stats
  • This quiz has been taken 8,650 times
  • The average score is 7 of 13
Answer Stats
Country League % Correct
USA National Football League
95%
USA / Canada National Basketball Assocation
92%
USA / Canada National Hockey League
87%
USA / Canada Major League Baseball
78%
UK Premier League
75%
Spain La Liga
65%
Germany Bundesliga
62%
Italy Serie A
53%
UK Football League Championship
26%
Canada Canadian Football League
21%
Australia Australian Football League
20%
Mexico Primera Division de Mexico
9%
Japan Nippon Professional Baseball
7%
No matching quizzes found
Score Distribution
Percent of People with Each Score
Percentile by Number Answered
Your Score History
You have not taken this quiz